Języki urzędowe państw które już nie istnieją - Statystyki

Ogólne statystyki
  • Ten quiz został rozwiązany 30 razy
    10 od ostatniego zresetowania
  • Średni wynik to 64 z 79
Statystyki odpowiedzi
Hint Odpowiedź % Poprawnych
Tanganika Angielski
100%
Zanzibar Angielski
100%
Vermont Angielski
100%
Kalifornia Angielski
100%
Teksas Angielski
100%
Związek południowej Afryki Angielski
100%
Rodezja Angielski
100%
Skonfederowane stany ameryki Angielski
100%
Hutt river Angielski
100%
Czechosłowacja Czeski
100%
Vermont Francuski
100%
Zair Francuski
100%
Hutt river Francuski
100%
Neutralny Moresnet Francuski
100%
Kalifornia Hiszpański
100%
Teksas Hiszpański
100%
Zjednoczone prowincje Ameryki Środkowej Hiszpański
100%
Konfederacja peruwiańsko-boliwska Hiszpański
100%
Prusy Niemiecki
100%
Wolne miasto Gdańsk Niemiecki
100%
Nrd Niemiecki
100%
Rfn Niemiecki
100%
Bawaria Niemiecki
100%
Holsztyn Niemiecki
100%
Saary Niemiecki
100%
Neutralny Moresnet Niemiecki
100%
Austro-węgry Niemiecki
100%
Wolne miasto Gdańsk Polski
100%
Zsrr Rosyjski
100%
Górski karabach Rosyjski
100%
Unia Szwedzko-norweska Szwedzki
100%
Wolne miasto fiume Włoski
100%
Państwo kościelne Włoski
100%
Neapol Włoski
100%
Sardynia Włoski
100%
Toskania Włoski
100%
Mandżukuo Chiński
89%
Wolne miasto fiume Chorwacki
89%
Czeczenia Czeczeński
89%
Korea Koreański
89%
Państwo kościelne Łacina
89%
Wenecja Łacina
89%
Rzym Łacina
89%
Bizancjum Łacina
89%
Cesarstwo zachodniorzymskie Łacina
89%
Unia Szwedzko-norweska Norweski
89%
Serbia i Czarnogóra Serbski
89%
Czechosłowacja Słowacki
89%
Austro-węgry Węgierski
89%
Wietnam południowy Wietnamski
89%
Serbia i Czarnogóra Czarnogórski
78%
Adżaria Gruziński
78%
Mandżukuo Japoński
78%
Jugosławia Macedoński
78%
Związek południowej Afryki Niderlandzki
78%
Neutralny Moresnet Niderlandzki
78%
Buchara Perski
78%
Persja Perski
78%
Jugosławia Słoweński
78%
Tybet Tybetański
78%
Sikkim Tybetański
78%
Nadżd Arabski
67%
Hatay Turecki
67%
Wenecja Wenecki
67%
Unia Kalmarska Duński
56%
Tuwa Tuwiński
56%
Mandżukuo Mandżurski
44%
Jugosławia Serbsko-Chorwacki
44%
Tanganika Suahili
44%
Zanzibar Suahili
44%
Związek południowej Afryki Afrikaans
33%
Państwo inków Keczua
33%
Górski karabach Ormiański
33%
Bizancjum Średniogrecki
33%
Hutt river Esperanto
22%
Neutralny Moresnet *Esperanto (to miało być pierwsze państwo esperantystów)
22%
Królestwo SHS Serbsko-Chorwacko-Słoweński
22%
Sikkim Sikkimski
22%
Buchara Czagatajski
11%
Nie znaleziono quizów pasujących do podanych kryteriów
Rozkład punktacji
Procent ludzi z każdym wynikiem
Percentyl według liczby udzielonych odpowiedzi
Twoja historia wyników
Nie rozwiązałeś tego quizu od ostatniego zresetowania